000 00290nam a22001337a 4500
020 _a978-1-84488-579-8
082 _a823
_bHIL/S
100 _aHILL, ERIC
245 _aSPOT AND HIS GRANDMA
260 _aLONDON
_bLADY BIRD
300 _a17
650 _aENGLISH SHORT STORY
_zUK
942 _cBK
999 _c2639
_d2639